000 00603nam a2200181 a 4500
001 000048662
005 20240305091221.0
008 190405s2014 dr 000 0 spa d
020 _a9789945130973
040 _aDO-SdBNP
_bspa
_cBNPHU
082 _aR920.07293
_bN714d
100 1 _aNina, Juan B.,
_d1959-
_q(Juan Bautista)
_99246
245 1 0 _aDiccionario biográfico del Sur /
_cJuan B. NiNa.
260 _aSanto Domingo :
_bLibrería la Trinitaria,
_c2014.
300 _a376 p. ;
_c24 cm.
500 0 _aIncluye datos biográficos del autor en la solapa de la cubierta
590 _aInventariado, 2019/VM
999 _c48150
_d48150